[Event "XXVII Festival A"]
[Site "Arco ITA"]
[Date "2005.10.25"]
[Round "4"]
[White "Sprea, Giuseppe"]
[Black "Pojer, Romeo"]
[Result "0-1"]
[WhiteElo "2018"]
[BlackElo "2153"]
[PlyCount "98"]
[EventDate "2005.10.22"]

1. c4 g6 2. Nc3 Bg7 3. g3 d6 4. Bg2 c5 5. Nf3 e5 6. d3 Ne7 7. Bg5 h6 8. Bxe7
Qxe7 9. Nd5 Qd8 10. Qc2 Nc6 11. e3 O-O 12. O-O Be6 13. Nc3 Rc8 14. Nd2 Qd7 15.
a3 a6 16. Nd5 Rb8 17. Nb6 Qd8 18. Nd5 f5 19. Rab1 Ne7 20. Nxe7+ Qxe7 21. b4 b5
22. bxc5 dxc5 23. cxb5 axb5 24. Bc6 b4 25. a4 Rfc8 26. Bb5 Kh7 27. e4 f4 28.
Kg2 g5 29. f3 h5 30. Bc4 Bd7 31. Bd5 Qe8 32. Ra1 Rb6 33. a5 Rd6 34. Bb7 Rd8 35.
Qxc5 Rxd3 36. Nc4 Qe6 37. Kh1 fxg3 38. Bd5 g2+ 39. Kxg2 Qh3+ 40. Kh1 Rxf3 41.
Qg1 Bb5 42. Nd2 Bxf1 43. Rxf1 Rxf1 44. Qxf1 Qxf1+ 45. Nxf1 Bf8 46. Ne3 Bc5 47.
Nc2 Rxd5 48. exd5 b3 49. Na3 Bxa3 0-1

[Event "XXVII Festival A"]
[Site "Arco ITA"]
[Date "2005.10.25"]
[Round "4"]
[White "Trauth, Michael"]
[Black "Bogdanov, Valentin"]
[Result "0-1"]
[WhiteElo "2225"]
[BlackElo "2399"]
[PlyCount "44"]
[EventDate "2005.10.22"]

1. Nf3 Nf6 2. c4 g6 3. g3 Bg7 4. Bg2 O-O 5. Nc3 d5 6. cxd5 Nxd5 7. O-O Nc6 8.
d4 Nb6 9. d5 Na5 10. e4 c6 11. dxc6 Nxc6 12. Qc2 Bg4 13. Ne2 Rc8 14. Qb3 Be6
15. Qd1 Bc4 16. Nd2 Ba6 17. Re1 Nb4 18. Nc3 Nd3 19. Re3 Bd4 20. Rf3 Nxf2 21.
Rxf2 Bxf2+ 22. Kxf2 Qd4+ 0-1

[Event "XXVII Festival A"]
[Site "Arco ITA"]
[Date "2005.10.25"]
[Round "4"]
[White "Volpinari, Danilo"]
[Black "Zucchelli, Massimo"]
[Result "1/2-1/2"]
[WhiteElo "2048"]
[BlackElo "2162"]
[PlyCount "123"]
[EventDate "2005.10.22"]

1. e4 e6 2. d4 d5 3. e5 c5 4. c3 Nc6 5. Nf3 Bd7 6. Be2 f6 7. O-O fxe5 8. dxe5
Qc7 9. Re1 Nge7 10. Bf4 h6 11. Na3 a6 12. Nc2 g5 13. Bg3 Bg7 14. h3 O-O 15. b4
b6 16. Bf1 Ng6 17. Qd3 Nf4 18. Qe3 Ne7 19. Bh2 Nfg6 20. Rac1 a5 21. bxc5 bxc5
22. Rb1 Rab8 23. Na3 Nf5 24. Qd2 Rxb1 25. Nxb1 Nfe7 26. Qe3 Rb8 27. Qd2 Nc6 28.
Qd3 Be8 29. Nbd2 Nge7 30. g4 Ng6 31. Qe3 Nce7 32. Nb3 c4 33. Nbd4 Bd7 34. Qd2
Rf8 35. Bg2 Nf4 36. Bxf4 Rxf4 37. Ne2 Rf8 38. Ned4 Ng6 39. Qe3 Nf4 40. Bf1 Rb8
41. h4 Qd8 42. hxg5 hxg5 43. Qc1 a4 44. Nc2 Bf8 45. a3 Be7 46. Nfd4 Qf8 47. Re3
Qh6 48. Rg3 Kf7 49. Ne3 Bc5 50. Nec2 Rh8 51. Bg2 Kg8 52. Qb1 Qh2+ 53. Kf1 Nxg2
54. Rxg2 Qh1+ 55. Rg1 Qh3+ 56. Ke1 Qxc3+ 57. Kf1 Bxd4 58. Nxd4 Qxd4 59. Qg6+
Kf8 60. Qf6+ Kg8 61. Qg6+ Kf8 62. Qf6+ 1/2-1/2

[Event "XXVII Festival A"]
[Site "Arco ITA"]
[Date "2005.10.25"]
[Round "4"]
[White "Weinberg, Emanuele"]
[Black "Murli, Almerico"]
[Result "1/2-1/2"]
[WhiteElo "1977"]
[BlackElo "1803"]
[PlyCount "36"]
[EventDate "2005.10.22"]

1. d4 Nf6 2. c4 g6 3. Nc3 Bg7 4. e4 d6 5. f3 O-O 6. Be3 e5 7. d5 Nh5 8. g4 Nf4
9. Qd2 Nd7 10. Nge2 Nc5 11. Nxf4 exf4 12. Bxf4 Bd7 13. O-O-O Na4 14. Nxa4 Bxa4
15. b3 Bd7 16. Bh6 Bxh6 17. Qxh6 Qf6 18. Qe3 Qa1+ 1/2-1/2

[Event "XXVII Festival A"]
[Site "Arco ITA"]
[Date "2005.10.25"]
[Round "4"]
[White "Zagrebelny, Sergey"]
[Black "Stubberud, Ornulf"]
[Result "1-0"]
[WhiteElo "2513"]
[BlackElo "2095"]
[PlyCount "65"]
[EventDate "2005.10.22"]

1. e4 c5 2. Nf3 e6 3. d4 cxd4 4. Nxd4 a6 5. Bd3 Nf6 6. O-O Qc7 7. Qe2 d6 8. c4
g6 9. Nc3 Bg7 10. Be3 O-O 11. Rac1 Nbd7 12. Rfd1 b6 13. f3 Bb7 14. Qf2 Rac8 15.
Bf1 Qb8 16. b4 Rfe8 17. Nb3 Rc6 18. a4 Ba8 19. a5 bxa5 20. Nxa5 Rcc8 21. b5 d5
22. c5 Bf8 23. c6 Ne5 24. Ba7 Qd6 25. Nb7 Qe7 26. Bd4 Bxb7 27. cxb7 Qxb7 28.
Bxe5 Nd7 29. bxa6 Qa8 30. Bd4 e5 31. Nxd5 Rxc1 32. Rxc1 exd4 33. Bb5 1-0

[Event "XXVII Festival A"]
[Site "Arco ITA"]
[Date "2005.10.26"]
[Round "5"]
[White "Acunzo, Domenico"]
[Black "Knors, Rudi"]
[Result "1/2-1/2"]
[WhiteElo "1819"]
[BlackElo "2075"]
[PlyCount "81"]
[EventDate "2005.10.22"]

1. e4 c6 2. d4 d5 3. exd5 cxd5 4. c4 Nf6 5. Nc3 e6 6. Nf3 Bb4 7. Bd3 O-O 8. O-O
dxc4 9. Bxc4 Nbd7 10. Qe2 Nb6 11. Bb3 Bd7 12. Bg5 Be7 13. Rad1 Bc6 14. Rfe1 Bd5
15. Nxd5 Nbxd5 16. Ne5 Qd6 17. Qf3 Rac8 18. Bxf6 Bxf6 19. Ng4 Bd8 20. g3 Rc7
21. Rc1 Nf6 22. Rxc7 Qxc7 23. d5 exd5 24. Bxd5 Nxg4 25. Qxg4 Bf6 26. Qb4 g6 27.
Qxb7 Qxb7 28. Bxb7 Rb8 29. Bd5 Rxb2 30. Kf1 Bd4 31. Re2 Rxe2 32. Kxe2 Kf8 33.
f3 Ke7 34. Kd3 Bg1 35. h3 f5 36. g4 Kf6 37. h4 h6 38. Ke2 g5 39. h5 Ke5 40. Bc6
a5 41. a4 1/2-1/2

[Event "XXVII Festival A"]
[Site "Arco ITA"]
[Date "2005.10.26"]
[Round "5"]
[White "Agostini, Guillermo"]
[Black "Trauth, Michael"]
[Result "1/2-1/2"]
[WhiteElo "2050"]
[BlackElo "2225"]
[PlyCount "71"]
[EventDate "2005.10.22"]

1. d4 Nf6 2. c4 c5 3. d5 b5 4. cxb5 a6 5. Nc3 axb5 6. Nxb5 Ba6 7. Nc3 g6 8. Nf3
d6 9. e3 Bxf1 10. Kxf1 Bg7 11. Bd2 O-O 12. Rb1 Nbd7 13. g3 Nb6 14. e4 Qd7 15.
Kg2 Na4 16. Re1 Nxc3 17. Bxc3 Rxa2 18. Qb3 Raa8 19. Rbd1 Rfb8 20. Qc4 Qb5 21.
Qxb5 Rxb5 22. e5 Ng4 23. h3 Nxe5 24. Nxe5 Bxe5 25. Bxe5 dxe5 26. Rxe5 Rxb2 27.
Rxe7 Raa2 28. Rf1 Rd2 29. Rd7 c4 30. Rc7 Rac2 31. Rc5 Rd3 32. h4 h5 33. Re1 Kg7
34. Re4 Rdd2 35. Rf4 f5 36. d6 1/2-1/2

[Event "XXVII Festival A"]
[Site "Arco ITA"]
[Date "2005.10.26"]
[Round "5"]
[White "Antoniacci, Riccardo"]
[Black "Kvisla, Johannes Luangtep"]
[Result "1/2-1/2"]
[WhiteElo "1972"]
[BlackElo "2123"]
[PlyCount "64"]
[EventDate "2005.10.22"]

1. e4 c5 2. Nf3 Nc6 3. Bb5 g6 4. O-O Bg7 5. Re1 e5 6. Nc3 Nge7 7. d3 O-O 8. Be3
d6 9. h3 Nd4 10. Bc4 h6 11. Nd5 Kh7 12. Nh2 f5 13. c3 Ndc6 14. f3 f4 15. Bd2
Nxd5 16. Bxd5 Qh4 17. Bxc6 bxc6 18. Re2 Rb8 19. Qa4 Qe7 20. Be1 Qb7 21. a3 Be6
22. b4 c4 23. dxc4 Bxc4 24. Rd2 d5 25. Bf2 Rf7 26. Rad1 a5 27. Bc5 axb4 28.
axb4 Ra8 29. Qc2 Qb5 30. Ng4 h5 31. Nf2 Ra3 32. Qc1 Ra8 1/2-1/2

[Event "XXVII Festival A"]
[Site "Arco ITA"]
[Date "2005.10.26"]
[Round "5"]
[White "Astengo, Corrado"]
[Black "Giuriato, Sergio"]
[Result "1-0"]
[WhiteElo "2105"]
[BlackElo "1992"]
[PlyCount "47"]
[EventDate "2005.10.22"]

1. e4 Nc6 2. Nf3 d6 3. d4 Nf6 4. Nc3 Bg4 5. Be3 e6 6. Be2 Be7 7. h3 Bh5 8. d5
exd5 9. exd5 Bxf3 10. Bxf3 Ne5 11. Be2 O-O 12. Qd2 c6 13. O-O-O Qc7 14. f4 Ng6
15. g4 Rfc8 16. g5 Nxd5 17. Nxd5 cxd5 18. Bg4 Re8 19. h4 Bf8 20. h5 Ne7 21. Kb1
Nc6 22. g6 fxg6 23. hxg6 d4 24. Rxh7 1-0

[Event "XXVII Festival A"]
[Site "Arco ITA"]
[Date "2005.10.26"]
[Round "5"]
[White "Bartonicek, Zdenek sr"]
[Black "Larsen Hagen, Brede Andre"]
[Result "1/2-1/2"]
[WhiteElo "2097"]
[BlackElo "1951"]
[PlyCount "39"]
[EventDate "2005.10.22"]

1. Nf3 d5 2. d4 Nf6 3. c4 e6 4. Nc3 Be7 5. Qc2 O-O 6. e3 Nbd7 7. Bd3 c5 8. cxd5
exd5 9. O-O a6 10. Bd2 c4 11. Be2 b5 12. e4 Bb7 13. e5 Ne8 14. Qf5 g6 15. Qh3
Ng7 16. Bh6 Re8 17. Nd1 Nf8 18. g4 Nfe6 19. Ne3 b4 20. Kh1 1/2-1/2

[Event "XXVII Festival A"]
[Site "Arco ITA"]
[Date "2005.10.26"]
[Round "5"]
[White "Bondielli, Giorgio"]
[Black "Schaefer, Michael"]
[Result "1/2-1/2"]
[WhiteElo "2005"]
[BlackElo "2217"]
[PlyCount "87"]
[EventDate "2005.10.22"]

1. e4 c5 2. d4 cxd4 3. c3 d3 4. Bxd3 d6 5. c4 Nf6 6. Nf3 Nbd7 7. O-O b6 8. Qe2
Bb7 9. Nc3 e6 10. Bg5 Be7 11. Rfd1 a6 12. Rac1 Qc7 13. h3 O-O 14. Bb1 Rfe8 15.
Bf4 Rac8 16. b3 Ne5 17. Nd4 Qb8 18. Bg3 g6 19. f4 Ned7 20. Qf2 e5 21. Nde2 Nc5
22. Qf3 b5 23. Nd5 Bxd5 24. cxd5 exf4 25. Nxf4 Nfd7 26. Ne2 Ne5 27. Qe3 Bf6 28.
Nd4 Qb6 29. Rf1 Ncd7 30. Bf2 Rxc1 31. Rxc1 Qd8 32. Nc6 Bg5 33. Qg3 Qf6 34. Rf1
Qf4 35. Qc3 Qd2 36. Qxd2 Bxd2 37. Rd1 Bg5 38. Bg3 Bf6 39. Rc1 Kg7 40. Nxe5 Nxe5
41. Bxe5 Bxe5 42. Kf2 Bd4+ 43. Kf3 Bc5 44. g4 1/2-1/2

[Event "XXVII Festival A"]
[Site "Arco ITA"]
[Date "2005.10.26"]
[Round "5"]
[White "Bozzao, Francesco"]
[Black "Ohman, Anders"]
[Result "1/2-1/2"]
[WhiteElo "1941"]
[BlackElo "2097"]
[PlyCount "39"]
[EventDate "2005.10.22"]

1. d4 d5 2. Nf3 Nf6 3. c4 c6 4. cxd5 cxd5 5. Nc3 Nc6 6. Bf4 Bf5 7. e3 e6 8. Bd3
Bxd3 9. Qxd3 Be7 10. O-O O-O 11. Rac1 Qa5 12. h3 Rfc8 13. a3 a6 14. Rc2 Qd8 15.
Rfc1 Bd6 16. Bxd6 Qxd6 17. Na4 Ne7 18. Rxc8+ Rxc8 19. Rxc8+ Nxc8 20. Ne5
1/2-1/2

[Event "XXVII Festival A"]
[Site "Arco ITA"]
[Date "2005.10.26"]
[Round "5"]
[White "Caruana, Fabiano"]
[Black "Manca, Federico"]
[Result "0-1"]
[WhiteElo "2373"]
[BlackElo "2408"]
[PlyCount "88"]
[EventDate "2005.10.22"]

1. e4 c6 2. d4 d5 3. Nd2 dxe4 4. Nxe4 Nf6 5. Nxf6+ gxf6 6. Nf3 Bg4 7. Be2 e6 8.
Be3 Nd7 9. Qd2 Qc7 10. O-O-O O-O-O 11. h3 Bh5 12. g4 Bg6 13. Nh4 Nb6 14. Nxg6
hxg6 15. c4 g5 16. Kb1 Bd6 17. a4 c5 18. Qa5 cxd4 19. Bxd4 Be5 20. Be3 Kb8 21.
Qb4 Qc6 22. a5 Na4 23. c5 Bxb2 24. Kc2 Nc3 25. Bd3 Nxd1 26. Rxd1 Rxd3 27. Rxd3
Be5 28. Kb3 Rc8 29. Qc4 a6 30. f3 Qxf3 31. Bxg5 Qf1 32. Bc1 Qe1 33. Ka4 Bc7 34.
Bd2 Qa1+ 35. Kb3 Bxa5 36. Bxa5 Qxa5 37. Rc3 Ka7 38. Qd4 Qb5+ 39. Kc2 e5 40. Qe3
Qa4+ 41. Kb2 Qb5+ 42. Kc2 Ka8 43. Qf2 Rd8 44. Qe3 Rd4 0-1

[Event "XXVII Festival A"]
[Site "Arco ITA"]
[Date "2005.10.26"]
[Round "5"]
[White "Cottarelli, Franco"]
[Black "Cioffi, Luigi"]
[Result "1-0"]
[WhiteElo "1997"]
[BlackElo "1762"]
[PlyCount "47"]
[EventDate "2005.10.22"]

1. b4 d6 2. Bb2 Bf5 3. Nf3 h6 4. g3 Nd7 5. Bg2 e6 6. Nd4 Bh7 7. Bxb7 Rb8 8. Nc6
Qg5 9. Nxb8 Nxb8 10. Bg2 Qd8 11. c4 Qd7 12. Nc3 Nf6 13. O-O Be7 14. a4 O-O 15.
d4 c6 16. b5 d5 17. cxd5 cxd5 18. Rc1 Rd8 19. Ba3 Re8 20. Qb3 Qb7 21. e3 Nbd7
22. Bb4 Nb6 23. a5 Nc4 24. Qxc4 1-0

[Event "XXVII Festival A"]
[Site "Arco ITA"]
[Date "2005.10.26"]
[Round "5"]
[White "Crea, Vincenzo"]
[Black "Marchand, Francois"]
[Result "1-0"]
[WhiteElo "2082"]
[BlackElo "2269"]
[PlyCount "85"]
[EventDate "2005.10.22"]

1. d4 d5 2. Nf3 Nc6 3. Bf4 Bg4 4. Nbd2 e6 5. c3 Nf6 6. e3 Bd6 7. Qb3 Rb8 8. Bd3
O-O 9. Qc2 Bxf4 10. exf4 Ne7 11. Ne5 Bf5 12. O-O Qd6 13. g3 c5 14. dxc5 Qxc5
15. Nb3 Qc7 16. Nd4 Bxd3 17. Qxd3 b5 18. Rac1 Qb6 19. Rfe1 Rfd8 20. Re2 Ne4 21.
Kg2 a6 22. Rce1 Rbc8 23. f3 Nc5 24. Qd2 a5 25. b4 Na4 26. Nxf7 Kxf7 27. Rxe6
Nc6 28. Qd3 Kg8 29. Nf5 Qb7 30. Nd6 Rxd6 31. Rxd6 Ne7 32. Qe3 Re8 33. Qe6+ Kf8
34. Rd7 Qc8 35. Rxe7 Qxe6 36. R7xe6 Rd8 37. bxa5 Nxc3 38. a6 d4 39. a7 d3 40.
Re8+ Rxe8 41. Rxe8+ Kxe8 42. a8=Q+ Kd7 43. Qa7+ 1-0

[Event "XXVII Festival A"]
[Site "Arco ITA"]
[Date "2005.10.26"]
[Round "5"]
[White "De Andres Gonalons, Fernando"]
[Black "Bergvoll, Mats"]
[Result "1/2-1/2"]
[WhiteElo "2071"]
[BlackElo "1944"]
[PlyCount "96"]
[EventDate "2005.10.22"]

1. d4 Nf6 2. c4 e6 3. Nf3 b6 4. a3 c5 5. e3 Bb7 6. Nc3 d5 7. cxd5 exd5 8. dxc5
Bxc5 9. b4 Be7 10. Bb5+ Nbd7 11. Bb2 O-O 12. O-O a6 13. Be2 a5 14. Qb3 Bd6 15.
Rfd1 axb4 16. axb4 Qe7 17. Na4 Bxb4 18. Rab1 Bd6 19. Nxb6 Nc5 20. Bxf6 Qxf6 21.
Nd7 Nxb3 22. Nxf6+ gxf6 23. Rxb3 Bc8 24. Rb6 Rd8 25. g3 Be6 26. Nd4 Rab8 27.
Rxb8 Rxb8 28. Nxe6 fxe6 29. e4 Rb2 30. Kf1 Bc5 31. exd5 exd5 32. Rxd5 Bb6 33.
Rf5 Kg7 34. Ba6 Rb1+ 35. Kg2 Rb2 36. Bc8 Rc2 37. Bb7 Rc5 38. Rf3 Rc2 39. g4 Rb2
40. Bc8 h5 41. gxh5 Rxf2+ 42. Rxf2 Bxf2 43. Kxf2 Kh6 44. Bg4 f5 45. Bf3 Kg7 46.
Kg3 Kh8 47. Kf4 Kg7 48. Kg5 f4 1/2-1/2

[Event "XXVII Festival A"]
[Site "Arco ITA"]
[Date "2005.10.26"]
[Round "5"]
[White "De Santis, Alessio"]
[Black "Cazzaniga, Walter"]
[Result "1/2-1/2"]
[WhiteElo "2331"]
[BlackElo "2104"]
[PlyCount "101"]
[EventDate "2005.10.22"]

1. d4 Nf6 2. c4 g6 3. Nc3 Bg7 4. e4 d6 5. f3 O-O 6. Be3 Nc6 7. Nge2 a6 8. Qd2
Rb8 9. g4 b5 10. h4 bxc4 11. O-O-O Nd7 12. h5 e5 13. d5 Nd4 14. Nxd4 exd4 15.
Bxd4 Ne5 16. Qe3 g5 17. h6 Bf6 18. Rh5 Kh8 19. Rd2 Rg8 20. Kb1 Bd7 21. Nd1 Qe7
22. Qc3 c5 23. dxc6 Bxc6 24. Ne3 Rg6 25. Be2 Rc8 26. Rh1 Qf8 27. Nf5 Bd7 28.
Ng7 Bc6 29. Bd1 Bd7 30. Bc2 Be6 31. Rdh2 Bd7 32. Nh5 Qe7 33. Ng3 Be6 34. Nf1
Bd7 35. Ne3 Be6 36. Rg2 Qf8 37. Rgh2 Qe7 38. Rf1 Qf8 39. Nd5 Bxd5 40. exd5 Rxh6
41. Rfh1 Rxh2 42. Rxh2 h6 43. Qe3 Qg7 44. Bc3 Nd3 45. Bxf6 Qxf6 46. Bxd3 cxd3
47. Qxd3 Kg7 48. Rc2 Re8 49. Re2 Rxe2 50. Qxe2 Qd4 51. b3 1/2-1/2

[Event "XXVII Festival A"]
[Site "Arco ITA"]
[Date "2005.10.26"]
[Round "5"]
[White "Di Cio', Enrico"]
[Black "Virzi, Ettore"]
[Result "0-1"]
[WhiteElo "1821"]
[BlackElo "2001"]
[PlyCount "76"]
[EventDate "2005.10.22"]

1. e4 e5 2. f4 exf4 3. Nf3 g5 4. h4 g4 5. Ne5 d6 6. Nxg4 Be7 7. Be2 Bxh4+ 8.
Nf2 Qg5 9. Bf3 Nf6 10. Kf1 Rg8 11. Nh3 Qg3 12. Qe2 Nc6 13. Qf2 Bxh3 14. Qxg3
Rxg3 15. Rxh3 Rxh3 16. gxh3 Nd4 17. Bd1 Nxe4 18. d3 Ng3+ 19. Kg2 f3+ 20. Kg1
Nge2+ 21. Kf1 Nxc1 22. c3 Nde2 23. Nd2 Ng3+ 24. Kf2 Nxd3+ 25. Kxf3 Ne5+ 26. Kf4
Ng6+ 27. Kg4 f5+ 28. Kf3 Kf7 29. Bb3+ Kf6 30. Re1 Ne5+ 31. Kg2 Ne4 32. Nxe4+
fxe4 33. Rxe4 Bg5 34. Bc2 Rg8 35. Kf2 Ke7 36. Rb4 b6 37. Bxh7 Rh8 38. Bf5 Rf8
0-1

[Event "XXVII Festival A"]
[Site "Arco ITA"]
[Date "2005.10.26"]
[Round "5"]
[White "Diotallevi, Maurizio"]
[Black "Ager, Josef"]
[Result "1/2-1/2"]
[WhiteElo "2113"]
[BlackElo "2246"]
[PlyCount "38"]
[EventDate "2005.10.22"]

1. d4 g6 2. Nf3 Nf6 3. c4 Bg7 4. Nc3 O-O 5. e4 d6 6. Be2 Na6 7. O-O e5 8. Re1
c6 9. h3 Re8 10. Bf1 exd4 11. Nxd4 Nc5 12. f3 a5 13. Be3 Nh5 14. Qd2 Be5 15.
Nce2 f5 16. exf5 gxf5 17. Nf4 Qh4 18. Nxh5 Qxh5 19. Rad1 Bd7 1/2-1/2

[Event "XXVII Festival A"]
[Site "Arco ITA"]
[Date "2005.10.26"]
[Round "5"]
[White "Fossum, Oystein Boyum"]
[Black "Volpinari, Danilo"]
[Result "1-0"]
[WhiteElo "2247"]
[BlackElo "2048"]
[PlyCount "81"]
[EventDate "2005.10.22"]

1. e4 c5 2. Nf3 e6 3. d4 cxd4 4. Nxd4 a6 5. Bd3 Bc5 6. Nb3 Ba7 7. Nc3 Nc6 8.
O-O Nf6 9. Qe2 d6 10. Bd2 O-O 11. Kh1 e5 12. Bg5 h6 13. Bh4 Be6 14. Nd5 g5 15.
Nxf6+ Qxf6 16. Bg3 Rac8 17. c3 Rfd8 18. Nd2 Kg7 19. Bc4 Qe7 20. Rfd1 Qf6 21.
Rac1 Ne7 22. Bb3 Ng6 23. Nc4 Qe7 24. Rc2 Rd7 25. Rcd2 Rcd8 26. Qf1 b5 27. Na5
Rc8 28. Bd5 Bb6 29. Nc6 Qf8 30. Bxe6 fxe6 31. Nxe5 Rdd8 32. Nxg6 Kxg6 33. Rxd6
Rxd6 34. Rxd6 Bc5 35. Rxe6+ Kf7 36. Rxa6 Rd8 37. Qe2 Kg8 38. h3 Qf7 39. Rxh6
Qxa2 40. Qh5 Qb1+ 41. Kh2 1-0

[Event "XXVII Festival A"]
[Site "Arco ITA"]
[Date "2005.10.26"]
[Round "5"]
[White "Geske, Julian"]
[Black "Pavoncelli, Paolo"]
[Result "1-0"]
[WhiteElo "2077"]
[BlackElo "1818"]
[PlyCount "63"]
[EventDate "2005.10.22"]

1. e4 e6 2. d4 b6 3. Bd3 Bb7 4. Nf3 c5 5. c3 cxd4 6. cxd4 Nc6 7. a3 Nf6 8. Nc3
h6 9. O-O a6 10. d5 Ne7 11. Bc4 Qc7 12. Bb3 Ng6 13. Be3 Ng4 14. Rc1 Nxe3 15.
fxe3 Bc5 16. Nd4 e5 17. Nf5 O-O 18. d6 Qd8 19. Bd5 Bxd5 20. Nxd5 a5 21. b4 axb4
22. axb4 Bxb4 23. Nxb4 Qg5 24. Rf3 Ra3 25. Rg3 Qf6 26. Nd5 Qd8 27. Qh5 Qa8 28.
Nxh6+ gxh6 29. Rxg6+ fxg6 30. Qxg6+ Kh8 31. Qxh6+ Kg8 32. Ne7+ 1-0

[Event "XXVII Festival A"]
[Site "Arco ITA"]
[Date "2005.10.26"]
[Round "5"]
[White "Isonzo, David"]
[Black "Dittmar, Peter"]
[Result "1-0"]
[WhiteElo "2337"]
[BlackElo "2322"]
[PlyCount "125"]
[EventDate "2005.10.22"]

1. e4 c6 2. d4 d5 3. Nc3 dxe4 4. Nxe4 Nd7 5. Ng5 Ngf6 6. Bd3 e6 7. N1f3 Bd6 8.
Qe2 h6 9. Ne4 Nxe4 10. Qxe4 Nf6 11. Qe2 Qc7 12. Bd2 b6 13. O-O-O Bb7 14. Kb1
O-O-O 15. c4 c5 16. Bc3 Kb8 17. dxc5 Bxc5 18. Bc2 Ka8 19. Ne5 Rxd1+ 20. Rxd1
Rc8 21. f4 Bd6 22. Nxf7 Bxf4 23. Be5 Bxe5 24. Nxe5 Rd8 25. Re1 Rd4 26. Qf2 Qd6
27. Qg3 Be4 28. Kc1 Bxc2 29. Kxc2 Re4 30. Rxe4 Nxe4 31. Qf4 Nf6 32. Qf3+ Kb8
33. Nc6+ Kc7 34. Nxa7 Qc5 35. Qg3+ Kd8 36. Qb8+ Ke7 37. Qb7+ Kf8 38. Qc8+ Kf7
39. Qxc5 bxc5 40. Nc6 Ng4 41. a4 Ke8 42. b4 cxb4 43. Nxb4 Ne3+ 44. Kd3 Nxg2 45.
a5 Kd7 46. a6 Kc7 47. c5 g5 48. Nc2 Nf4+ 49. Ke4 Nd5 50. Nd4 Nf6+ 51. Kd3 Nd7
52. Nxe6+ Kb8 53. Kc4 Ka7 54. c6 Nb6+ 55. Kb5 Nc8 56. c7 g4 57. Nf4 Ne7 58. Nh5
Nc8 59. Nf6 Nd6+ 60. Kc6 Nc8 61. Kd7 Nb6+ 62. Kd8 Kxa6 63. Nd5 1-0

[Event "XXVII Festival A"]
[Site "Arco ITA"]
[Date "2005.10.26"]
[Round "5"]
[White "Loi, Andrea"]
[Black "Coimbra, Margarida"]
[Result "1/2-1/2"]
[WhiteElo "1829"]
[BlackElo "2084"]
[PlyCount "23"]
[EventDate "2005.10.22"]

1. d4 d5 2. Nf3 Nf6 3. Bg5 c6 4. e3 Ne4 5. Bf4 Bf5 6. Ne5 Nd7 7. Nxd7 Qxd7 8.
Nd2 Nxd2 9. Qxd2 e6 10. Be2 Be7 11. c3 Rc8 12. g4 1/2-1/2

[Event "XXVII Festival A"]
[Site "Arco ITA"]
[Date "2005.10.26"]
[Round "5"]
[White "Lymar, Irina"]
[Black "Fuggetta, Leonardo"]
[Result "1-0"]
[WhiteElo "2309"]
[BlackElo "2068"]
[PlyCount "53"]
[EventDate "2005.10.22"]

1. d4 d6 2. c4 e5 3. Nc3 exd4 4. Qxd4 Nc6 5. Qd2 Nf6 6. e4 g6 7. b3 Bg7 8. Bb2
a5 9. Bd3 Nb4 10. Nge2 O-O 11. Nd5 Nfxd5 12. Bxg7 Kxg7 13. cxd5 f5 14. O-O Qf6
15. Rac1 Rf7 16. Bb1 fxe4 17. Bxe4 Bf5 18. Ng3 Bxe4 19. Nxe4 Qf5 20. Ng5 Re7
21. Ne6+ Kg8 22. Nxc7 Rc8 23. Ne6 Rce8 24. Nf4 Re5 25. Rc7 Nxd5 26. Nxd5 Rxd5
27. Qh6 1-0

[Event "XXVII Festival A"]
[Site "Arco ITA"]
[Date "2005.10.26"]
[Round "5"]
[White "Moratto, Davide"]
[Black "Dalponte, Dino"]
[Result "0-1"]
[WhiteElo "1729"]
[BlackElo "2101"]
[PlyCount "80"]
[EventDate "2005.10.22"]

1. e4 d6 2. d4 g6 3. Nc3 Bg7 4. f4 h5 5. Nf3 Bg4 6. Be2 Nc6 7. Be3 e6 8. h3
Bxf3 9. Bxf3 Qh4+ 10. Kf1 Nd8 11. Ne2 Qe7 12. a4 d5 13. e5 Qb4 14. Qc1 Ne7 15.
c3 Qb6 16. b4 Nf5 17. Bf2 h4 18. Kg1 Bh6 19. Kh2 Nc6 20. Rd1 Nxe5 21. a5 Nxf3+
22. gxf3 Qb5 23. Qd2 Qc6 24. Rdb1 a6 25. Qd3 Qd6 26. b5 Bxf4+ 27. Nxf4 Qxf4+
28. Kg2 O-O 29. bxa6 bxa6 30. Rb7 Rfb8 31. Rab1 Rxb7 32. Rxb7 Qd6 33. Qb1 Qd8
34. Qb3 Nd6 35. Rb4 Nc4 36. Rxc4 dxc4 37. Qxc4 Qg5+ 38. Kh2 Rb8 39. Qxa6 Rb1
40. Qf1 Qg3+ 0-1

[Event "XXVII Festival A"]
[Site "Arco ITA"]
[Date "2005.10.26"]
[Round "5"]
[White "Mosna, Alessandro"]
[Black "Romagnoli, Roberto"]
[Result "1/2-1/2"]
[WhiteElo "1993"]
[BlackElo "2139"]
[PlyCount "20"]
[EventDate "2005.10.22"]

1. e4 g6 2. d4 Bg7 3. Nf3 d6 4. h3 Nf6 5. Bd3 O-O 6. O-O c6 7. Re1 Nbd7 8. a4
Re8 9. c3 e5 10. dxe5 Nxe5 1/2-1/2

[Event "XXVII Festival A"]
[Site "Arco ITA"]
[Date "2005.10.26"]
[Round "5"]
[White "Mukic, Josko"]
[Black "Tocco, Paolo"]
[Result "1-0"]
[WhiteElo "2328"]
[BlackElo "2151"]
[PlyCount "79"]
[EventDate "2005.10.22"]

1. f4 e5 2. fxe5 d6 3. Nf3 dxe5 4. e4 Bc5 5. Nc3 Nf6 6. Bc4 O-O 7. d3 c6 8. Bg5
Nbd7 9. Qd2 b5 10. Bb3 Qe7 11. Nh4 Re8 12. Nf5 Qf8 13. Nh6+ Kh8 14. Nxf7+ Kg8
15. Nxe5+ Kh8 16. Nf7+ Kg8 17. Nd6+ Kh8 18. Nxe8 Qxe8 19. Be3 Bb4 20. a3 Ba5
21. O-O Ne5 22. d4 Nxe4 23. Qc1 Nxc3 24. bxc3 Ng4 25. Bd2 Nf6 26. Qe1 Qg6 27.
Qe5 Bh3 28. Qg3 Bf5 29. Qxg6 Bxg6 30. a4 Ne4 31. Be1 Bxc3 32. Bxc3 Nxc3 33.
axb5 Nxb5 34. d5 cxd5 35. Bxd5 Rd8 36. c4 Nc3 37. Rxa7 h6 38. Ra8 Rxa8 39. Bxa8
Bd3 40. Rf8+ 1-0

[Event "XXVII Festival A"]
[Site "Arco ITA"]
[Date "2005.10.26"]
[Round "5"]
[White "Murli, Almerico"]
[Black "Giancotti, Eraldo"]
[Result "0-1"]
[WhiteElo "1803"]
[BlackElo "2063"]
[PlyCount "26"]
[EventDate "2005.10.22"]

1. e4 g6 2. d4 Bg7 3. Nf3 d6 4. Bd3 Nc6 5. Be3 Bg4 6. c3 e5 7. Bc4 exd4 8. cxd4
Qf6 9. d5 Ne5 10. Bb5+ c6 11. dxc6 bxc6 12. Bxc6+ Nxc6 13. Qd5 Nge7 0-1

[Event "XXVII Festival A"]
[Site "Arco ITA"]
[Date "2005.10.26"]
[Round "5"]
[White "Perich, Stefano"]
[Black "Niccoli, Paolo"]
[Result "0-1"]
[WhiteElo "2003"]
[BlackElo "1722"]
[PlyCount "60"]
[EventDate "2005.10.22"]

1. d4 d5 2. Nf3 Nf6 3. e3 Bg4 4. Be2 e6 5. Nbd2 Bd6 6. Ne5 Bxe2 7. Qxe2 O-O 8.
O-O Nbd7 9. f4 c5 10. c3 Rc8 11. Qf3 Qc7 12. g4 Ne8 13. Qg2 f6 14. Nd3 Qc6 15.
Nf3 e5 16. fxe5 fxe5 17. Bd2 e4 18. Nfe5 Rxf1+ 19. Rxf1 Nxe5 20. Nxe5 Bxe5 21.
dxe5 Qe6 22. Qg3 Nc7 23. Qf4 Qe7 24. c4 Rf8 25. Qxf8+ Qxf8 26. Rxf8+ Kxf8 27.
cxd5 Nxd5 28. Kf2 Ke7 29. b3 Ke6 30. Bc1 Nb4 0-1

[Event "XXVII Festival A"]
[Site "Arco ITA"]
[Date "2005.10.26"]
[Round "5"]
[White "Pojer, Romeo"]
[Black "Zagrebelny, Sergey"]
[Result "0-1"]
[WhiteElo "2153"]
[BlackElo "2513"]
[PlyCount "88"]
[EventDate "2005.10.22"]

1. e4 c5 2. Nf3 d6 3. d4 Nf6 4. Nc3 cxd4 5. Nxd4 a6 6. Bc4 e6 7. Bb3 Be7 8. Qe2
O-O 9. Be3 b5 10. a3 Bb7 11. f3 Nc6 12. Nxc6 Bxc6 13. O-O Qc7 14. Rad1 Rfb8 15.
Kh1 a5 16. Rfe1 b4 17. axb4 axb4 18. Nb1 d5 19. Nd2 dxe4 20. fxe4 Rd8 21. Bf2
Qb7 22. Rb1 Rd7 23. Bg1 Rad8 24. Rbd1 Nxe4 25. Nxe4 Rxd1 26. Rxd1 Rxd1 27. Qxd1
Bxe4 28. Qe2 Bf6 29. Qd2 h6 30. Bc5 Qb5 31. Qe1 Bxg2+ 32. Kxg2 Qxc5 33. Qe4
Bxb2 34. Bc4 g6 35. h4 Qd4 36. Qxd4 Bxd4 37. h5 g5 38. Kf3 Bc3 39. Ke3 Kf8 40.
Kf3 Ke7 41. Ke3 f5 42. Kf3 e5 43. Bd5 Kf6 44. Kg3 g4 0-1